Θεμελιώδεις αρχές συστημάτων βάσεων δεδομένων

Αποθηκεύτηκε σε:
Λεπτομέρειες βιβλιογραφικής εγγραφής
Κύριος συγγραφέας: Elmasri, Ramez
Άλλοι συγγραφείς: Navathe, Sham, Χατζόπουλος, Μιχάλης (Επιμελητής έκδοσης, Μεταφραστής)
Μορφή: Βιβλίο
Γλώσσα:Greek
English
Δημοσίευση: Αθήνα : Δίαυλος, c2005.
Έκδοση:4η έκδ., αναθ.
Θέματα:
Ετικέτες: Προσθήκη ετικέτας
Δεν υπάρχουν, Καταχωρήστε ετικέτα πρώτοι!

MARC

LEADER 00000cam a2200000 i 4500
001 1/44953
008 070524s2005 gr | ||| |||| ||gre||
020 |a 9605311755   |q (set) 
020 |a 9789605311766   |q (τ. 1) 
020 |a 9605311763   |q (τ. 1) 
020 |a 9605q311828   |q (τ. 2) 
035 |l 10087991 
040 |a GR-MyUa  |b gre  |e AAC2 
041 1 |a gre  |h eng 
082 7 |a 005.74   |2 (22) 
100 1 |a Elmasri, Ramez. 
245 1 0 |a Θεμελιώδεις αρχές συστημάτων βάσεων δεδομένων /   |c Elmasri/Navathe ; μετάφραση και επιστημονική επιμέλεια Μιχάλης Χατζόπουλος.  
250 |a 4η έκδ., αναθ.  
260 |a Αθήνα :   |b Δίαυλος,   |c c2005.  
300 |a 2 τ. ;   |c 24 εκ.  
500 |a Τίτλος πρωτοτύπου: Fundamentals of database systems, 4th ed. 
504 |a Περιλαμβάνει βιβλιογραφικές παραπομπές και ευρετήριο.  
650 0 |a Database management. 
650 0 |a System design. 
650 0 |a Data structures (Computer science) 
650 0 |a Database design. 
700 1 |a Navathe, Sham. 
700 1 |a Χατζόπουλος, Μιχάλης,  |e edt  |e trl 
852 |a INST  |b LESVOS  |e 20070524  |h 005.74 ELM  |p 005100037351  |q 005100037351  |t BK  |y 0  |z τ.A 
852 |a INST  |b LESVOS  |e 20100304  |h 005.74 ELM  |p 005100046136  |q 005100046136  |t BK  |y 0  |z τ.Α 
852 |a INST  |b LESVOS  |e 20070524  |h 005.74 ELM  |p 005100037351  |q 005100037351  |t BK  |v τ.A:  |y 0  |z τ.A 
852 |a INST  |b LESVOS  |e 20100304  |h 005.74 ELM  |p 005100046136  |q 005100046136  |t BK  |v τ.Α:  |y 0  |z τ.Α 
852 |a INST  |b SAMOS  |e 20070904  |h 005.74 ELM  |p 005300025740  |q 005300025740  |t BK  |y 0  |z τ.2 
852 |a INST  |b SAMOS  |e 20070904  |h 005.74 ELM  |p 005300025741  |q 005300025741  |t BK  |y 0  |z τ.1 
852 |a INST  |b SAMOS  |e 20070904  |h 005.74 ELM  |p 005300025740  |q 005300025740  |t BK  |v τ.2:  |y 0  |z τ.2 
852 |a INST  |b SAMOS  |e 20070904  |h 005.74 ELM  |p 005300025741  |q 005300025741  |t BK  |v τ.1:  |y 0  |z τ.1 
853 |a INST  |b LESVOS  |h 005.74 ELM 
853 |a INST  |b SAMOS  |h 005.74 ELM 
901 |a BIBL3-2007-2 
901 |a BIBL1-2007-2 
901 |a BIBL1-2010-1 
922 |a 3ΕΛΗ  |b 200707  |c ΤΜΠΕΣ  |d Σ. ΠΑΤΑΚΗΣ 
970 |a ΤΖΑΦΕΡΗ  |b ΕΥΑΓΓΕΛΙΑ  |z 2007/05/25